000 00493cam a22002054a 4500
005 20250605164325.0
008 250528s ||||||||||||||||||||||||d
035 _a23021
020 _a9780500277706
040 _aGR-AtMCL
_bgre
_dGR-AtMCL
_eAACR2
245 1 _aTHE GRAPHIC LANGUAGE OF NEVILLE BRODY
250 _a1
260 _c1994
300 _a175
700 1 _aThames And Hudson
_92417
700 1 _aWozencroft Jon
_94889
942 _cBK
999 _c8062
_d8062